|
|
|
|
| LEADER |
01124nam a22002657i 4500 |
| 003 |
GR-PaULI |
| 005 |
20210117210437.0 |
| 008 |
170906s2017 itaa|||| b||| 00| 0 eng d |
| 020 |
|
|
|a 9788862279505
|
| 020 |
|
|
|a 9788862279512
|
| 020 |
|
|
|a 9788862279529
|
| 040 |
|
|
|a GR-PaULI
|b gre
|c GR-PaULI
|e AACR2
|
| 041 |
|
0 |
|a enggrc
|
| 082 |
|
4 |
|a 792.809 38
|2 23
|
| 245 |
1 |
0 |
|a Choreutika :
|b performing and theorising dance in Ancient Greece /
|c edited by Laura Gianvittorio.
|
| 260 |
|
|
|a Pisa ;
|a Roma :
|b Fabrizio Serra editore,
|c 2017.
|
| 300 |
|
|
|a 243 σ. :
|b εικ. ;
|c 25 εκ.
|
| 490 |
|
|
|a Biblioteca di "Quaderni urbinati di cultura classica" ;
|v 13
|
| 504 |
|
|
|6 Περιλαμβάνει βιβλιογραφικές σημειώσεις.
|
| 650 |
|
4 |
|9 102021
|a Χορός
|z Ελλάδα, Αρχαία
|
| 650 |
|
4 |
|9 93385
|a Χορός (Αρχαίο ελληνικο δράμα)
|
| 942 |
|
|
|2 ddc
|c BK15
|
| 952 |
|
|
|0 0
|1 0
|2 ddc
|4 0
|6 792_809000000000000_38_CHO
|7 0
|9 214754
|a THST
|b THST
|d 2017-09-06
|i 014517
|l 0
|o 792.809 38 CHO
|p 025000199524
|r 2017-09-06 00:00:00
|t 1
|v 2017.00
|w 2017-09-06
|y BK15
|
| 998 |
|
|
|c MANIA
|d 2017-09
|
| 999 |
|
|
|c 130499
|d 130499
|